| 000 | 00484nam a2200169 i 4500 | ||
|---|---|---|---|
| 001 | 122987 | ||
| 003 | ES-MaACL | ||
| 005 | 20230906192101.0 | ||
| 007 | t| | ||
| 008 | 070214s1904 xxk r ||||0| eng d | ||
| 100 | 1 |
_aPut, A. van de. _994432 |
|
| 245 | 1 | 0 |
_aHispano-moresque ware of the XV century / _cA. van de Put. |
| 260 |
_aLondon : _bBradbury, _c1904. |
||
| 300 |
_aVI, 105 p : _bil ; _c26 cm. |
||
| 650 | 4 |
_aCerámica- _zEspaña- _vHistoria. _910887 |
|
| 852 |
_aES-MaACL _jF-757 |
||
| 999 |
_c122987 _d122987 |
||